000 00584nam a22001937a 4500
003 BD-DhJNU
005 20250311065455.0
008 250311b |||||||| |||| 00| 0 eng d
020 _a19840690299
040 _aBD-DhJNU
_bENG
_cBD-DhJNU
_dBD-DhJNU
082 _223
_a332.1091767
100 _aSadeq, Dr Abul Hasan Muhammad
245 _aEconomic development in islam /
_cDr Abul Hasan Muhammad Sadeq
260 _aDhaka :
_bIslamic Foundation Bangladesh,
_c2004.
300 _a159 p. :
_bill. ;
_c21 cm.
504 _aincludes index
650 _aIslamic Economy
942 _2ddc
_cBK
_n0
999 _c1467
_d1467